000 00513nam a22001817a 4500
005 20251108172115.0
008 250721s1995 xx 000 0 ara d
082 1 4 _a949.7/مهد
100 1 _aالمهداوي، أشرف
245 1 0 _aقصة البوسنه :
_bدروس و عبر /
264 1 _aالرياض :
_bدار الشواف،
_c1995.
300 _a216ص
650 1 7 _aالبوسنه و الهرسك
650 1 7 _aالتاريخ
650 1 7 _aالمسلون
942 _2ddc
_cBK
999 _c70631
_d70631